Tekst piosenki "Imagine" - Statystyki

Ogólne statystyki
  • Ten quiz został rozwiązany 1 551 razy
  • Średni wynik to 13 z 21
Statystyki odpowiedzi
Tekst % Poprawnych
Imagine all the {people}
94%
Imagine there's no {Heaven}
83%
Above us only {sky}
79%
But I'm not the {only} {one}
79%
You may say I'm a {dreamer}
77%
It's easy if you {try}
76%
Living for {today}
71%
Living life in {peace}
71%
And no {religion} too
68%
I hope someday you'll {join} {us}
68%
It isn't hard {to} {do}
66%
No {Hell} below us
66%
Imagine there's no {countries}
63%
I wonder if {you} {can}
56%
Nothing to {kill} {or} {die} for
46%
And the world will {be} {as} {one}
45%
Sharing all the {world}
42%
A {brotherhood} of man
41%
And the world will {live} {as} {one}
36%
Imagine no {possessions}
31%
No need for {greed} {or} {hunger}
29%
Nie znaleziono quizów pasujących do podanych kryteriów
Rozkład punktacji
Procent ludzi z każdym wynikiem
Percentyl według liczby udzielonych odpowiedzi
Twoja historia wyników
Nie rozwiązałeś tego quizu